000 00754nam a2200229Ia 4500
003 OSt
005 20220918200459.0
006 a|||||r|||| 00| 0
007 ta
008 220917b |||||||| |||| 00| 0 eng d
024 _a88,988
037 _cTextual
040 _aARTS
_cARTS
_beng
041 _2eng
_aeng
082 _aU2191z7, J3
245 0 _aDesart research
_b proceedings International symposium held in Jerulalem, may 7-14, 1952 sponsered by the Research Council of Israel and the United Nations Educational, Scientific, and Cultural Organization
260 _c1953
490 _aResearch council of Israel special publications; 2
650 _aGEOGRAPHY
942 _hU2191z7, J3
_cTEXL
_2CC
999 _c212658
_d212658